[Event "Scarborough CC Jack Frost"]
[Site "Toronto CAN"]
[Date "2020.01.09"]
[Round "1.3"]
[White "Mendoza, Armand Jess"]
[Black "Zhao, Jeffrey R"]
[Result "1-0"]
[WhiteElo "1845"]
[BlackElo "2118"]
[PlyCount "51"]
[EventDate "2020.01.09"]
[EventType "swiss"]
[EventRounds "6"]
[EventCountry "CAN"]

1. d4 Nf6 2. Nc3 d5 3. Bg5 c5 4. e3 Nc6 5. Bxf6 gxf6 6. g3 Bf5 7. a3 e6 8. h4
h5 9. Bd3 cxd4 10. exd4 Nxd4 11. Bxf5 Nxf5 12. Nh3 Bc5 13. Nf4 Qb6 14. Qd2 Qxb2
15. O-O Nd4 16. Kg2 Nb3 17. Rfb1 Qxb1 18. Qe2 Nxa1 19. Nxe6 Kd7 20. Nxc5+ Kc6
21. Nxb1 Kxc5 22. Nc3 a6 23. Qd1 Rad8 24. Qxa1 Kc6 25. Ne2 Kc7 26. Qxf6 1-0

[Event "Scarborough CC Jack Frost"]
[Site "Toronto CAN"]
[Date "2020.01.09"]
[Round "1.4"]
[White "Gao, Raymond"]
[Black "Huang, Richard"]
[Result "1-0"]
[WhiteElo "2042"]
[BlackElo "1834"]
[PlyCount "131"]
[EventDate "2020.01.09"]
[EventType "swiss"]
[EventRounds "6"]
[EventCountry "CAN"]

1. e4 e5 2. Nf3 Nc6 3. d4 exd4 4. Bc4 Nf6 5. e5 d5 6. Bb5 Ne4 7. Nxd4 Bd7 8.
Bxc6 bxc6 9. O-O Be7 10. f3 Ng5 11. f4 Ne4 12. Nc3 Nxc3 13. bxc3 c5 14. Ne2 Bf5
15. Ng3 g6 16. Nxf5 gxf5 17. Qh5 Qd7 18. Re1 Qe6 19. Rb1 c6 20. Be3 Rd8 21.
Red1 O-O 22. g4 fxg4 23. Re1 Qg6 24. Qxg6+ hxg6 25. Rb7 Rfe8 26. Reb1 d4 27.
Bf2 Kg7 28. Rxa7 Ra8 29. Rc7 Rxa2 30. cxd4 cxd4 31. Bxd4 c5 32. Bxc5 Bxc5+ 33.
Rxc5 Rd8 34. Rf1 Rd4 35. Rc7 Kf8 36. Kg2 Ra3 37. Rf2 Rd1 38. f5 Raa1 39. Kg3
Rg1+ 40. Kh4 g3 41. hxg3 Rh1+ 42. Kg4 Ra4+ 43. c4 Rc1 44. fxg6 Raxc4+ 45. Rxc4
Rxc4+ 46. Rf4 Rxf4+ 47. Kxf4 fxg6 48. Kg5 Kf7 49. e6+ Kxe6 50. Kxg6 Ke7 51. Kg7
Ke6 52. g4 Ke7 53. g5 Ke6 54. g6 Ke7 55. Kh7 Kf6 56. g7 Ke5 57. g8=Q Kf4 58.
Qe6 Kf3 59. Qe5 Kg4 60. Kg6 Kf3 61. Kg5 Kg2 62. Qf4 Kh3 63. Qf3+ Kh2 64. Kg4
Kg1 65. Qe2 Kh1 66. Kg3 1-0

[Event "Scarborough CC Jack Frost"]
[Site "Toronto CAN"]
[Date "2020.01.09"]
[Round "1.5"]
[White "Leblanc, Miguel"]
[Black "Lawless, David"]
[Result "0-1"]
[WhiteElo "1758"]
[BlackElo "2035"]
[PlyCount "76"]
[EventDate "2020.01.09"]
[EventType "swiss"]
[EventRounds "6"]
[EventCountry "CAN"]

1. d4 Nf6 2. c4 g6 3. Nc3 Bg7 4. e4 O-O 5. Be2 d6 6. Be3 Nc6 7. g4 e5 8. d5 Ne7
9. g5 Nd7 10. h4 f5 11. gxf6 Nxf6 12. h5 c6 13. h6 Bh8 14. Nh3 cxd5 15. cxd5
Qa5 16. Ng5 a6 17. a4 Bd7 18. Qb3 b5 19. Bd2 Ng4 20. f3 Nf6 21. Nxb5 Qb6 22.
Nd4 Rfb8 23. Qxb6 Rxb6 24. Nde6 Rxb2 25. Ba5 Nh5 26. Bc7 Nc8 27. a5 Nf4 28. Rh2
Bf6 29. Rc1 Bb5 30. Bxb5 Rxh2 31. Bd7 Nd3+ 32. Kd1 Nxc1 33. Kxc1 Rh5 34. Bd8
Ne7 35. Bxe7 Bxe7 36. Nc7 Bxg5+ 37. Kc2 Ra7 38. Be6+ Kf8 0-1

[Event "Scarborough CC Jack Frost"]
[Site "Toronto CAN"]
[Date "2020.01.09"]
[Round "1.6"]
[White "Hay, Jonathan"]
[Black "Beal, Greg"]
[Result "1-0"]
[WhiteElo "2007"]
[BlackElo "1744"]
[PlyCount "121"]
[EventDate "2020.01.09"]
[EventType "swiss"]
[EventRounds "6"]
[EventCountry "CAN"]

1. d4 Nf6 2. Bf4 e6 3. e3 d5 4. Nd2 c5 5. c3 Nc6 6. Ngf3 Qb6 7. Rb1 Nh5 8. Bg5
h6 9. Bh4 g5 10. Ne5 Nf6 11. Bg3 Bg7 12. Bd3 Bd7 13. O-O Nxe5 14. Bxe5 c4 15.
Bc2 O-O 16. f4 Ne8 17. Bxg7 Nxg7 18. fxg5 hxg5 19. Rf6 Qd8 20. Rh6 f5 21. Nf3
g4 22. Ne5 Qg5 23. Nxd7 Qxh6 24. Nxf8 Qxe3+ 25. Kh1 Rxf8 26. Qe1 Qxe1+ 27. Rxe1
b5 28. g3 Kf7 29. Kg2 Rh8 30. Rf1 Kf6 31. Bd1 Kg5 32. Re1 Rh6 33. Bc2 Ne8 34.
a4 a6 35. axb5 axb5 36. Ra1 Rh7 37. Ra6 Nc7 38. Ra7 Kf6 39. Rb7 Rd7 40. b3 Re7
41. bxc4 bxc4 42. h3 gxh3+ 43. Kxh3 Ne8 44. Rb8 Nd6 45. Rb6 Ne4 46. Bxe4 fxe4
47. Rb2 e5 48. Rf2+ Kg6 49. dxe5 Rxe5 50. Kg4 Rg5+ 51. Kh4 Rf5 52. Rd2 e3 53.
Re2 Re5 54. Kg4 Re4+ 55. Kf3 Kf5 56. Rxe3 Rxe3+ 57. Kxe3 Kg4 58. Kd4 Kxg3 59.
Kxd5 Kf4 60. Kxc4 Ke5 61. Kc5 1-0

[Event "Scarborough CC Jack Frost"]
[Site "Toronto CAN"]
[Date "2020.01.09"]
[Round "1.7"]
[White "Liu, Aaron"]
[Black "Wu, Benjamin"]
[Result "1/2-1/2"]
[WhiteElo "1744"]
[BlackElo "1872"]
[PlyCount "68"]
[EventDate "2020.01.09"]
[EventType "swiss"]
[EventRounds "6"]
[EventCountry "CAN"]

1. e4 e6 2. d4 d5 3. Nd2 dxe4 4. Nxe4 Nd7 5. Nf3 Ngf6 6. Ng3 Be7 7. Bd3 O-O 8.
a3 b6 9. Bf4 Bb7 10. O-O c5 11. Be5 cxd4 12. Bxd4 e5 13. Nxe5 Nxe5 14. Nf5 Nxd3
15. Qxd3 Bc8 16. Nxe7+ Qxe7 17. Rfe1 Qd8 18. Rad1 Bb7 19. Qg3 Re8 20. Be5 Qe7
21. Bc3 Be4 22. f3 Qc5+ 23. Bd4 Qxc2 24. Bxf6 Bg6 25. Bc3 Rxe1+ 26. Rxe1 f6 27.
Qc7 Re8 28. Qc4+ Kh8 29. Rxe8+ Bxe8 30. Qb4 Qd1+ 31. Kf2 Qc2+ 32. Bd2 Kg8 33.
Qc3 Qxc3 34. Bxc3 Kf7 1/2-1/2

[Event "Scarborough CC Jack Frost"]
[Site "Toronto CAN"]
[Date "2020.01.16"]
[Round "2.1"]
[White "Mao, Fengxi"]
[Black "Mendoza, Armand Jess"]
[Result "1-0"]
[WhiteElo "2246"]
[BlackElo "1845"]
[PlyCount "83"]
[EventDate "2020.01.09"]
[EventType "swiss"]
[EventRounds "6"]
[EventCountry "CAN"]

1. e4 c5 2. Nf3 d6 3. d4 cxd4 4. Nxd4 Nf6 5. Nc3 a6 6. Be2 Qc7 7. O-O g6 8. Bg5
Bg7 9. Bxf6 exf6 10. Bg4 O-O 11. Nd5 Bxg4 12. Nxc7 Bxd1 13. Nxa8 Bg4 14. f3 Bd7
15. Rad1 f5 16. exf5 Nc6 17. Nxc6 Rxa8 18. Nd4 gxf5 19. Rfe1 Kf8 20. c3 f4 21.
Nb3 Be6 22. Rxd6 b5 23. Nc5 Bc4 24. Nd7+ Kg8 25. Nb6 Rb8 26. Nxc4 bxc4 27. Rxa6
h6 28. Re2 Rc8 29. Rb6 Bf8 30. Rb7 Bc5+ 31. Kf1 Be3 32. g3 Rc5 33. Kg2 Rh5 34.
a4 Kg7 35. Rb5 f5 36. a5 Rg5 37. a6 Kg6 38. Rxe3 fxg3 39. hxg3 Kh5 40. a7 Rg8
41. Rb8 f4 42. Re5+ 1-0

[Event "Scarborough CC Jack Frost"]
[Site "Toronto CAN"]
[Date "2020.01.16"]
[Round "2.2"]
[White "Lawless, David"]
[Black "Sharpe, Sam"]
[Result "1/2-1/2"]
[WhiteElo "2035"]
[BlackElo "1964"]
[PlyCount "81"]
[EventDate "2020.01.09"]
[EventType "swiss"]
[EventRounds "6"]
[EventCountry "CAN"]

1. e4 c5 2. Nc3 Nc6 3. g3 e5 4. Bg2 g6 5. d3 Bg7 6. Nh3 d6 7. O-O f5 8. f4 Nf6
9. a3 O-O 10. Rb1 a5 11. Be3 Nd4 12. Nd5 a4 13. Kh1 Kh8 14. c3 Nb3 15. Qc2 fxe4
16. dxe4 Nxd5 17. exd5 Bf5 18. Qd1 b5 19. Ng5 Bxb1 20. Qxb1 exf4 21. Bxf4 Rxf4
22. gxf4 Qf6 23. Qe1 b4 24. axb4 cxb4 25. cxb4 h6 26. Ne4 Qxb2 27. Nxd6 a3 28.
Nf7+ Kh7 29. f5 g5 30. f6 Bxf6 31. Qe4+ Kg7 32. Nd6 Nd4 33. Ne8+ Rxe8 34. Qxe8
a2 35. Be4 Nf5 36. Bxf5 a1=Q 37. Qd7+ Kf8 38. Qd6+ Kg7 39. Qd7+ Kf8 40. Qd6+
Kg7 41. Qd7+ 1/2-1/2

[Event "Scarborough CC Jack Frost"]
[Site "Toronto CAN"]
[Date "2020.01.16"]
[Round "2.3"]
[White "Xie, Austin"]
[Black "Liu, Aaron"]
[Result "0-1"]
[WhiteElo "1946"]
[BlackElo "1744"]
[Annotator ",Hugh"]
[PlyCount "58"]
[EventDate "2020.01.09"]
[EventType "swiss"]
[EventRounds "6"]
[EventCountry "CAN"]

1. e4 e5 2. Nf3 Nc6 3. Bc4 Bc5 4. c3 Nf6 5. d3 d6 6. b4 Bb6 7. O-O h6 8. h3 O-O
9. Nbd2 d5 10. Bb3 a6 11. Re1 d4 12. c4 Re8 13. a3 a5 14. b5 Nb8 15. a4 Nbd7
16. Bc2 Nf8 17. Ba3 N8d7 18. Nb3 c5 19. bxc6 bxc6 20. c5 Bc7 21. Nbd2 Nf8 22.
Nc4 Ng6 23. Qd2 Nh5 24. Rab1 Nhf4 25. Nb6 Bxb6 26. cxb6 Bb7 27. Rec1 Nh4 28.
Nxh4 Qxh4 29. Kh2 Re6 {Time.} 0-1

[Event "Scarborough CC Jack Frost"]
[Site "Toronto CAN"]
[Date "2020.01.16"]
[Round "2.4"]
[White "Wu, Benjamin"]
[Black "Gao, Lucy"]
[Result "1-0"]
[WhiteElo "1872"]
[BlackElo "1795"]
[PlyCount "67"]
[EventDate "2020.01.09"]
[EventType "swiss"]
[EventRounds "6"]
[EventCountry "CAN"]

1. e4 e5 2. Nf3 Nc6 3. Bc4 Nf6 4. Ng5 d5 5. exd5 Na5 6. Bb5+ c6 7. dxc6 bxc6 8.
Qf3 Bb7 9. Ba4 Be7 10. O-O O-O 11. d3 c5 12. Qe2 Qd5 13. Nf3 e4 14. dxe4 Nxe4
15. Nbd2 f5 16. Rd1 Rad8 17. c4 Qf7 18. Ne5 Qe6 19. f4 Nxd2 20. Bxd2 Nc6 21.
Bxc6 Bxc6 22. Bc3 Bf6 23. b3 Rde8 24. Qf2 Bxe5 25. Bxe5 Qg6 26. Rd6 Re6 27.
Rxe6 Qxe6 28. Rd1 Rc8 29. Rd6 Qe8 30. Qxc5 Qf8 31. Qxa7 Ra8 32. Qc7 Rc8 33. Qb6
Be4 34. Rd7 1-0

[Event "Scarborough CC Jack Frost"]
[Site "Toronto CAN"]
[Date "2020.01.16"]
[Round "2.5"]
[White "Huang, Richard"]
[Black "Southam, David"]
[Result "1-0"]
[WhiteElo "1834"]
[BlackElo "2216"]
[PlyCount "123"]
[EventDate "2020.01.09"]
[EventType "swiss"]
[EventRounds "6"]
[EventCountry "CAN"]

1. e4 e6 2. d4 d5 3. Nd2 c5 4. c3 cxd4 5. cxd4 Nc6 6. Ngf3 dxe4 7. Nxe4 Bb4+ 8.
Bd2 Bxd2+ 9. Qxd2 Nf6 10. Nxf6+ Qxf6 11. Bb5 Bd7 12. O-O a6 13. Bxc6 Bxc6 14.
Ne5 Bd5 15. b3 Qe7 16. Rfe1 Rc8 17. Re3 O-O 18. Rg3 Rc7 19. Qf4 Rfc8 20. h4 f6
21. Ng4 Kh8 22. h5 Rf8 23. Re1 Rd7 24. Rc1 Qf7 25. h6 gxh6 26. Nxh6 Qe7 27. Qg4
Rdd8 28. Re1 Rde8 29. f4 f5 30. Qh5 Qf6 31. Re5 Re7 32. Nxf5 exf5 33. Rxd5 Rc7
34. Qg5 Qxg5 35. Rxg5 Rc2 36. a4 Rb2 37. Rg3 h6 38. Rd7 Rg8 39. Rxg8+ Kxg8 40.
Rxb7 Rd2 41. Rb6 Rxd4 42. g3 Rd3 43. Kf2 a5 44. Rb5 Kg7 45. Rxa5 Rxb3 46. Rxf5
Ra3 47. a5 Kg6 48. Re5 Kf6 49. Kg2 Ra1 50. Kf3 Ra4 51. Kg4 Ra3 52. Rh5 Kg6 53.
Rb5 Kg7 54. Rb7+ Kf6 55. Rb6+ Kg7 56. a6 h5+ 57. Kh4 Ra5 58. Rb7+ Kh6 59. a7
Ra1 60. Rb6+ Kg7 61. Kxh5 Rxa7 62. g4 1-0

[Event "Scarborough CC Jack Frost"]
[Site "Toronto CAN"]
[Date "2020.01.16"]
[Round "2.6"]
[White "Zhao, Jeffrey R"]
[Black "Leblanc, Miguel"]
[Result "1/2-1/2"]
[WhiteElo "2118"]
[BlackElo "1758"]
[PlyCount "71"]
[EventDate "2020.01.09"]
[EventType "swiss"]
[EventRounds "6"]
[EventCountry "CAN"]

1. e4 d5 2. exd5 Nf6 3. d4 Nxd5 4. c4 Nb6 5. h3 e5 6. dxe5 Qxd1+ 7. Kxd1 Nc6 8.
Bf4 Be6 9. b3 Bc5 10. Nf3 Bxf2 11. Nc3 O-O-O+ 12. Kc2 Nd4+ 13. Nxd4 Rxd4 14. g3
Bf5+ 15. Kb2 g5 16. Rh2 Bg1 17. Ne2 gxf4 18. Nxg1 fxg3 19. Re2 Rf4 20. Bg2 Rd8
21. Nf3 h6 22. Rg1 Rd3 23. Rf1 Nd7 24. Nd2 Rxf1 25. Nxf1 Nc5 26. Re3 Rxe3 27.
Nxe3 Be4 28. Kc3 Bxg2 29. Nxg2 Ne6 30. Kd3 Ng5 31. h4 Ne6 32. Ke4 Kd7 33. Kf3
Nd4+ 34. Kxg3 Ke6 35. Kf4 Nc6 36. Ke4 1/2-1/2

[Event "Scarborough CC Jack Frost"]
[Site "Toronto CAN"]
[Date "2020.01.16"]
[Round "2.7"]
[White "Beal, Greg"]
[Black "Jeyakumar, Bhavatharshan"]
[Result "1-0"]
[WhiteElo "1744"]
[BlackElo "1848"]
[PlyCount "59"]
[EventDate "2020.01.09"]
[EventType "swiss"]
[EventRounds "6"]
[EventCountry "CAN"]

1. e4 c5 2. Nc3 a6 3. f4 b5 4. Nf3 Bb7 5. d3 e6 6. g3 d5 7. Bg2 Nf6 8. e5 Nfd7
9. Qe2 b4 10. Nd1 Qb6 11. Be3 Nc6 12. Bf2 Ne7 13. O-O a5 14. Re1 h5 15. Ne3 g6
16. Ng5 Bh6 17. h4 Bxg5 18. hxg5 a4 19. c3 Nc6 20. Rab1 Qa5 21. Qc2 Ba6 22.
Nxd5 exd5 23. Bxd5 Rc8 24. e6 Nb6 25. exf7+ Kf8 26. Bxc6 Kxf7 27. Qe2 Rxc6 28.
Qe7+ Kg8 29. Qe8+ Kg7 30. Re7# 1-0

[Event "Scarborough CC Jack Frost"]
[Site "Toronto CAN"]
[Date "2020.01.20"]
[Round "3.1"]
[White "Mao, Fengxi"]
[Black "Gao, Raymond"]
[Result "0-1"]
[WhiteElo "2246"]
[BlackElo "2042"]
[PlyCount "98"]
[EventDate "2020.01.09"]
[EventType "swiss"]
[EventRounds "6"]
[EventCountry "CAN"]

1. a3 c5 2. Nf3 Nc6 3. c4 g6 4. Nc3 Bg7 5. g3 Nf6 6. Bg2 d5 7. cxd5 Nxd5 8. O-O
O-O 9. Qc2 b6 10. d4 Nxc3 11. bxc3 cxd4 12. Nxd4 Nxd4 13. cxd4 Bf5 14. e4 Rc8
15. Qe2 Bxd4 16. Rd1 Bxa1 17. Rxd8 Rfxd8 18. Bf4 Be6 19. h4 Bd4 20. h5 Rc3 21.
Qa6 Rc2 22. Qxa7 Bxf2+ 23. Kh2 Bc5 24. h6 Bg4 25. Qa4 Rf2 26. Kh1 Ra2 27. Bc7
b5 28. Qxb5 Ra1+ 29. Kh2 Bg1+ 30. Kh1 Rc8 31. Be5 Rac1 32. a4 Bd4+ 33. Kh2 R1c5
34. Bxd4 Rxb5 35. axb5 Bd7 36. b6 Bc6 37. Be5 Rd8 38. Bc7 Rd2 39. Kh3 f5 40.
Bf1 fxe4 41. Bc4+ Kf8 42. Bb5 Bb7 43. Bf4 Rb2 44. Bc4 Rxb6 45. Be5 e6 46. Bd4
Rc6 47. Bb5 Rc2 48. Bd7 Kf7 49. Kg4 Rd2 0-1

[Event "Scarborough CC Jack Frost"]
[Site "Toronto CAN"]
[Date "2020.01.20"]
[Round "3.2"]
[White "Xiao, Edward"]
[Black "Lawless, David"]
[Result "1/2-1/2"]
[WhiteElo "1855"]
[BlackElo "2035"]
[PlyCount "149"]
[EventDate "2020.01.09"]
[EventType "swiss"]
[EventRounds "6"]
[EventCountry "CAN"]

1. d4 Nf6 2. c4 g6 3. Nc3 Bg7 4. e4 O-O 5. Be2 d6 6. Bg5 h6 7. Be3 e5 8. d5 a5
9. Qd2 Kh7 10. h4 h5 11. Nh3 Na6 12. f3 Nc5 13. Nf2 a4 14. g4 Rh8 15. Bxc5 dxc5
16. Nd3 Qe7 17. g5 Ne8 18. Bd1 Bd7 19. b3 axb3 20. Bxb3 f6 21. Rg1 Rf8 22. Ke2
Rg8 23. Qc2 fxg5 24. hxg5 b6 25. Ba4 Nd6 26. Nb5 Be8 27. Nb2 Rf8 28. Nxd6 Qxd6
29. Bxe8 Rfxe8 30. a4 Ra5 31. Nd1 Rea8 32. Nc3 Bf8 33. Nb5 Qd7 34. Nc3 Be7 35.
Qd2 Rf8 36. Raf1 Rf4 37. Ke3 Qd8 38. Qg2 Kg7 39. Ne2 Rf7 40. Nc3 Qd7 41. Qg3
Bd6 42. Rh1 Rf4 43. Qh3 Qe8 44. Ne2 Rf7 45. Nc3 Qe7 46. Rhg1 Rf4 47. Ne2 Rf7
48. Nc3 Ra8 49. Rf2 Rf4 50. Ne2 Rxa4 51. Nxf4 exf4+ 52. Kd3 Ra3+ 53. Kd2 Qe5
54. Qd7+ Be7 55. Ke2 Qb2+ 56. Kf1 Ra1+ 57. Kg2 Rxg1+ 58. Kxg1 Qa1+ 59. Kg2 Qe5
60. Rd2 Qxg5+ 61. Kf1 Qe5 62. Qe6 Bd6 63. Rg2 Qxe6 64. dxe6 Kf6 65. e5+ Bxe5
66. e7 Kxe7 67. Rxg6 Bf6 68. Rh6 h4 69. Rh7+ Kd6 70. Rf7 Be5 71. Rh7 Kc6 72.
Rxh4 Bd6 73. Ke2 b5 74. cxb5+ Kxb5 75. Kd3 1/2-1/2

[Event "Scarborough CC Jack Frost"]
[Site "Toronto CAN"]
[Date "2020.01.20"]
[Round "3.3"]
[White "Liu, Aaron"]
[Black "Hay, Jonathan"]
[Result "0-1"]
[WhiteElo "1744"]
[BlackElo "2007"]
[PlyCount "72"]
[EventDate "2020.01.09"]
[EventType "swiss"]
[EventRounds "6"]
[EventCountry "CAN"]

1. e4 c6 2. d4 d5 3. Nc3 dxe4 4. Nxe4 Bf5 5. Ng3 Bg6 6. N1e2 e6 7. Nf4 Bd6 8.
h4 Qc7 9. Nxg6 hxg6 10. Qf3 Nf6 11. Bd3 Nbd7 12. Bd2 Qb6 13. Bc3 Nd5 14. Ne4
Be7 15. g3 N7f6 16. O-O-O Nxe4 17. Bxe4 Bf6 18. Rhe1 O-O-O 19. Bxd5 Rxd5 20.
Qg4 Rhd8 21. Re4 c5 22. Rde1 cxd4 23. Rxe6 fxe6 24. Rxe6 R8d7 25. Rxb6 dxc3 26.
Rxf6 Rd1+ 27. Qxd1 Rxd1+ 28. Kxd1 cxb2 29. Rf8+ Kd7 30. Rf7+ Kc6 31. Rxg7 b1=Q+
32. Kd2 Qb4+ 33. c3 Qd6+ 34. Kc2 Qf6 35. Rg8 Qxf2+ 36. Kb1 Qxg3 0-1

[Event "Scarborough CC Jack Frost"]
[Site "Toronto CAN"]
[Date "2020.01.20"]
[Round "3.4"]
[White "Mendoza, Armand Jess"]
[Black "Wu, Benjamin"]
[Result "1-0"]
[WhiteElo "1845"]
[BlackElo "1872"]
[PlyCount "81"]
[EventDate "2020.01.09"]
[EventType "swiss"]
[EventRounds "6"]
[EventCountry "CAN"]

1. e4 e6 2. Nf3 d5 3. e5 c5 4. g3 Nc6 5. d3 Nge7 6. Bg5 Qc7 7. Qe2 h6 8. Bxe7
Bxe7 9. Nbd2 Bd7 10. c3 g5 11. g4 O-O-O 12. Bg2 f6 13. exf6 Bxf6 14. O-O-O Qa5
15. Kb1 Qb5 16. Nb3 a5 17. Rc1 a4 18. Na1 a3 19. b3 Na5 20. c4 Qb4 21. Ne5 Bxe5
22. Qxe5 Qd2 23. Nc2 Qxd3 24. Rhd1 Qg6 25. cxd5 exd5 26. Qxd5 Bc6 27. Qxc5 Rxd1
28. Rxd1 Qf6 29. Nxa3 b6 30. Qc2 Kb7 31. Bxc6+ Nxc6 32. Nc4 Rd8 33. Rxd8 Nxd8
34. Qe4+ Nc6 35. Qh7+ Ka6 36. Qc7 Qg6+ 37. Kb2 Qf6+ 38. Kb1 Na7 39. Nd6 Qg6+
40. Kc1 Nb5 41. Nxb5 1-0

[Event "Scarborough CC Jack Frost"]
[Site "Toronto CAN"]
[Date "2020.01.20"]
[Round "3.5"]
[White "Beal, Greg"]
[Black "Huang, Richard"]
[Result "0-1"]
[WhiteElo "1744"]
[BlackElo "1834"]
[PlyCount "60"]
[EventDate "2020.01.09"]
[EventType "swiss"]
[EventRounds "6"]
[EventCountry "CAN"]

1. e4 e5 2. Nf3 Nc6 3. d4 exd4 4. Bc4 Nf6 5. e5 d5 6. Bb5 Ne4 7. Nxd4 Bd7 8.
Bxc6 bxc6 9. O-O Be7 10. f3 Ng5 11. f4 Ne4 12. Be3 c5 13. Nb3 Bb5 14. Rf3 d4
15. Bc1 f5 16. exf6 Nxf6 17. a4 Bc6 18. Rf1 Qd5 19. Qe2 O-O 20. N1d2 Rae8 21.
Nf3 Bd6 22. Qd1 Ng4 23. h3 Ne3 24. Bxe3 Rxe3 25. Nbd2 Rxf4 26. Rf2 Qf5 27. Nc4
Rexf3 28. Nxd6 Rxf2 29. Nxf5 Rxg2+ 30. Kh1 Rg5+ 0-1

[Event "Scarborough CC Jack Frost"]
[Site "Toronto CAN"]
[Date "2020.01.20"]
[Round "3.6"]
[White "Gao, Lucy"]
[Black "Zhao, Jeffrey R"]
[Result "0-1"]
[WhiteElo "1795"]
[BlackElo "2118"]
[PlyCount "108"]
[EventDate "2020.01.09"]
[EventType "swiss"]
[EventRounds "6"]
[EventCountry "CAN"]

1. e4 c5 2. Nf3 d6 3. Bb5+ Bd7 4. Bxd7+ Nxd7 5. c3 Ngf6 6. Qe2 e6 7. d4 cxd4 8.
cxd4 d5 9. e5 Ne4 10. O-O Be7 11. Nfd2 Nxd2 12. Bxd2 O-O 13. f4 Rc8 14. Nc3 Qb6
15. Be3 Bb4 16. Rac1 Bxc3 17. bxc3 Qa6 18. Qc2 f5 19. Rf3 Nb6 20. h3 Nc4 21.
Bd2 Rc6 22. Re1 Rb6 23. Bc1 Rc6 24. g4 Nb6 25. Kh1 Na4 26. gxf5 Rxf5 27. Rg1
Qc4 28. Qg2 Rc7 29. Rg3 Rff7 30. f5 Qc6 31. f6 Nxc3 32. Bh6 Ne4 33. Rxg7+ Rxg7
34. Bxg7 Qc2 35. Bh6+ Qxg2+ 36. Rxg2+ Kh8 37. Bf8 Rf7 38. Bg7+ Kg8 39. Rc2 Rd7
40. Rg2 Rf7 41. h4 h5 42. Rg6 Rc7 43. Rh6 Ng3+ 44. Kh2 Nf5 45. Rxh5 Nxg7 46.
Rg5 Kh7 47. fxg7 Rxg7 48. Rxg7+ Kxg7 49. Kg3 Kh6 50. Kf3 Kh5 51. Ke3 Kxh4 52.
Kd3 Kg3 53. Kc3 b6 54. Kb4 a6 0-1

[Event "Scarborough CC Jack Frost"]
[Site "Toronto CAN"]
[Date "2020.01.20"]
[Round "3.7"]
[White "Leblanc, Miguel"]
[Black "Xie, Austin"]
[Result "1/2-1/2"]
[WhiteElo "1758"]
[BlackElo "1946"]
[PlyCount "104"]
[EventDate "2020.01.09"]
[EventType "swiss"]
[EventRounds "6"]
[EventCountry "CAN"]

1. d4 d5 2. c4 e6 3. Nc3 Nf6 4. cxd5 exd5 5. Bg5 c6 6. e3 Be7 7. Bd3 Nbd7 8.
Nge2 Ne4 9. Bf4 Ndf6 10. Ng3 Qa5 11. Qc2 Nxc3 12. bxc3 O-O 13. O-O g6 14. a4 b6
15. f3 Ba6 16. e4 Bxd3 17. Qxd3 Rfe8 18. e5 Nd7 19. Bd2 b5 20. axb5 Qxb5 21.
Qxb5 cxb5 22. Ra5 Reb8 23. Rb1 a6 24. Rba1 Rb6 25. Ne2 g5 26. Nc1 Nb8 27. Nd3
Nc6 28. R5a2 a5 29. f4 h6 30. f5 Rab8 31. f6 Bf8 32. h4 b4 33. cxb4 axb4 34.
hxg5 b3 35. Ra4 hxg5 36. Kf2 b2 37. Rb1 Rb3 38. Ke2 Ra3 39. Rxa3 Bxa3 40. Bc3
Rb3 41. Kd2 Bb4 42. Nxb4 Nxb4 43. Rxb2 Rxb2+ 44. Bxb2 Nc6 45. g4 Kf8 46. Kc3
Nd8 47. Kb4 Ne6 48. Kb5 Nf4 49. Kc6 Ke8 50. Bc1 Kf8 51. Kd7 Ne6 52. Be3 Nf4
1/2-1/2

[Event "Scarborough CC Jack Frost"]
[Site "Toronto CAN"]
[Date "2020.01.30"]
[Round "4.1"]
[White "Gao, Raymond"]
[Black "Hay, Jonathan"]
[Result "1-0"]
[WhiteElo "2042"]
[BlackElo "2007"]
[PlyCount "61"]
[EventDate "2020.01.09"]
[EventType "swiss"]
[EventRounds "6"]
[EventCountry "CAN"]

1. e4 c6 2. Nf3 d5 3. exd5 cxd5 4. Ne5 Nf6 5. d4 g6 6. Bd3 Bg7 7. c3 Nc6 8. Bf4
Nh5 9. Nxc6 bxc6 10. Be3 Qd6 11. O-O O-O 12. Re1 Rb8 13. Nd2 f5 14. Bg5 e5 15.
dxe5 Bxe5 16. Nf3 Bf6 17. Bh6 Ng7 18. Rb1 Bd7 19. Qa4 Kh8 20. Bf4 Qc5 21. Bxb8
Rxb8 22. Ne5 Be8 23. Qf4 Qb6 24. Ng4 Nh5 25. Qd6 Bg7 26. Ne5 Nf6 27. Nf3 Ne4
28. Bxe4 fxe4 29. Ng5 h6 30. Ne6 Bxc3 31. bxc3 1-0

[Event "Scarborough CC Jack Frost"]
[Site "Toronto CAN"]
[Date "2020.01.30"]
[Round "4.2"]
[White "Xiao, Edward"]
[Black "Mao, Fengxi"]
[Result "0-1"]
[WhiteElo "1855"]
[BlackElo "2246"]
[PlyCount "72"]
[EventDate "2020.01.09"]
[EventType "swiss"]
[EventRounds "6"]
[EventCountry "CAN"]

1. d4 Nf6 2. c4 e6 3. Nf3 d5 4. e3 c5 5. Bd3 dxc4 6. Bxc4 a6 7. b3 b5 8. Be2
cxd4 9. Qxd4 Qxd4 10. Nxd4 Bb4+ 11. Bd2 Bc5 12. Bf3 Bxd4 13. exd4 Ra7 14. Bf4
Nbd7 15. Bd6 Bb7 16. Bxb7 Rxb7 17. b4 Nb6 18. Nd2 Kd7 19. Bc5 Nfd5 20. O-O Ra8
21. a3 a5 22. Nb3 Nc4 23. bxa5 Nxa5 24. Nxa5 Rxa5 25. Rfb1 Rb8 26. Kf1 Rba8 27.
Rb3 R8a6 28. Rh3 b4 29. Rxh7 Rxa3 30. Re1 Ra1 31. Rxg7 b3 32. Rxf7+ Kc6 33. h4
Rxe1+ 34. Kxe1 b2 35. h5 b1=Q+ 36. Ke2 Qe4+ 0-1

[Event "Scarborough CC Jack Frost"]
[Site "Toronto CAN"]
[Date "2020.01.30"]
[Round "4.3"]
[White "Sharpe, Sam"]
[Black "Mendoza, Armand Jess"]
[Result "1/2-1/2"]
[WhiteElo "1964"]
[BlackElo "1845"]
[PlyCount "88"]
[EventDate "2020.01.09"]
[EventType "swiss"]
[EventRounds "6"]
[EventCountry "CAN"]

1. f4 d5 2. Nf3 c5 3. e3 d4 4. exd4 cxd4 5. Bb5+ Nc6 6. O-O a6 7. Bxc6+ bxc6 8.
c3 dxc3 9. Nxc3 Qb6+ 10. d4 Bg4 11. Kh1 e6 12. Qa4 Bxf3 13. Rxf3 Rd8 14. Be3
Qb7 15. f5 Nf6 16. fxe6 fxe6 17. Bg5 Be7 18. Qc4 O-O 19. Qxe6+ Kh8 20. Re1 h6
21. Bc1 Bb4 22. Ref1 Rfe8 23. Qc4 c5 24. dxc5 Rc8 25. Be3 Nd7 26. Bd4 Ne5 27.
Bxe5 Rxe5 28. Rf8+ Rxf8 29. Rxf8+ Kh7 30. Na4 Re1+ 31. Rf1 Rxf1+ 32. Qxf1 Qc6
33. Qd1 Qb5 34. Qc2+ Kh8 35. Kg1 Qe8 36. g3 Be1 37. Kf1 Ba5 38. c6 Qf7+ 39. Ke2
Qxa2 40. Qe4 Qa1 41. Qe8+ Kh7 42. Qe4+ Kh8 43. Qe8+ Kh7 44. Qe4+ Kh8 1/2-1/2

[Event "Scarborough CC Jack Frost"]
[Site "Toronto CAN"]
[Date "2020.01.30"]
[Round "4.4"]
[White "Zhao, Jeffrey R"]
[Black "Liu, Aaron"]
[Result "1-0"]
[WhiteElo "2118"]
[BlackElo "1744"]
[PlyCount "65"]
[EventDate "2020.01.09"]
[EventType "swiss"]
[EventRounds "6"]
[EventCountry "CAN"]

1. e4 e5 2. Nf3 Nc6 3. Bc4 Bc5 4. O-O Nf6 5. d3 d6 6. c3 h6 7. Re1 O-O 8. Nbd2
Re8 9. h3 Bb6 10. Nf1 Be6 11. Bxe6 fxe6 12. b4 a6 13. a4 Rf8 14. Be3 Bxe3 15.
Rxe3 d5 16. b5 d4 17. Re1 Ne7 18. Nxe5 dxc3 19. Qb3 Qd6 20. Nf3 Qb6 21. a5 Qc5
22. d4 Qd6 23. e5 Qd5 24. Qb4 c5 25. dxc5 Nd7 26. c6 Nc5 27. Ne3 Qe4 28. Qxc5
Rxf3 29. gxf3 Qxf3 30. Qxe7 Rf8 31. Qxe6+ Kh8 32. Ra2 Rf4 33. c7 1-0

[Event "Scarborough CC Jack Frost"]
[Site "Toronto CAN"]
[Date "2020.01.30"]
[Round "4.5"]
[White "Wu, Benjamin"]
[Black "Vinuya, Ruth Joy"]
[Result "0-1"]
[WhiteElo "1872"]
[BlackElo "1857"]
[PlyCount "66"]
[EventDate "2020.01.09"]
[EventType "swiss"]
[EventRounds "6"]
[EventCountry "CAN"]

1. e4 g6 2. d4 Bg7 3. Nf3 d6 4. c4 Bg4 5. Be2 Nc6 6. Be3 e5 7. d5 Bxf3 8. Bxf3
Nd4 9. O-O c5 10. dxc6 bxc6 11. Bxd4 exd4 12. e5 Ne7 13. Qxd4 dxe5 14. Qxd8+
Rxd8 15. Nc3 f5 16. Rfd1 Kf7 17. Kf1 Ke6 18. Rxd8 Rxd8 19. Rd1 Rxd1+ 20. Bxd1
e4 21. Ke2 Bd4 22. Na4 c5 23. f3 exf3+ 24. Kxf3 Nc6 25. b3 Ne5+ 26. Ke2 Ng4 27.
h3 Ne3 28. g3 Ke5 29. Ke1 Ke4 30. Be2 g5 31. Kf2 Nxc4+ 32. Ke1 Ne5 33. Kd1 Ke3
0-1